Personnages de Black Clover - Statistiques

Statistiques générales
  • Ce quiz a été pris 294 fois
  • Le résultat moyen est 23 sur 62
Statistiques - réponses
Hint Réponse % Correct
Personnage PrincipaleMembre du Taureau Noir Anti-Magie Asta
100%
Membre du Taureau Noir Membre de la Famille Royale Silva Noelle Silva
81%
Membre du Taureau Noir Magie du feu Magna Swing
77%
Membre de l'Aube d'OrOriginaire du Royaume de Spade Magie du Vent Magie des Etoiles Frère adoptif du personnage principale Yuno Grinberryall
76%
Membre du Taureau Noir Magie de la foudre Luck Voltia
74%
Membre du Taureau Noir Magie Spatiale Finral Roulacase
72%
Membre du Taureau Noir Originaire de la Foret des Sorcières Magie du fils Vanessa Enoteca
70%
Membre du Taureau Noir Magie du Cotton Magie de la nourriture Charmy Papittson
66%
Membre du Taureau Noir Magie des Miroirs Gauche Adlai
60%
Membre de l'Aube d'OrMembre de la Famille Royale Vermillion Magie Végétale Mimosa Vermillion
60%
Capitaine de l'Aube d'OrAncien membre des Cerfs Cendrés Magie de l'Abre-Monde William Vangeance
59%
Capitaine du Lion FlamboyantMembre de la Famille Royale Vermillion Fuegoleon Vermillion
56%
28ème Empereur-Mage du Royaume CloverAncien membre du Cerf Cendré Magie du Temps Julius Novachrono
56%
Capitaine du Taureau NoirOriginaire du Pays du Levant Ancien membre des Cerfs Cendrés Yami Sukehiro
54%
Capitaine de la Mante d'Émeraude Jack The Ripper
53%
Capitaine de l'Aigle d'ArgentMembre de la Famille Royale Silva Magie de Mercure Nozel Silva
53%
Démon du précédentAnti-Magie Liebe
52%
Vice-Capitaine du Taureau NoirMagie de l'Ombre Nacht Faust
52%
Capitaine de la Rose BleueMagie des Ronces Charlotte Roselei
51%
Chef des Elfes Apotre du Sephira Magie de l'épée Licht
50%
Capitaine du Lion FlamboyantCapitaine des Chevalier Royaux Membre de la Famille Royale Vermillion Sœur du précédent Mereoleona Vermillion
50%
Membre de l'Aube d'OrMagie d'Acier Klaus Lunettes
45%
Membre du Taureau NoirMagie du Sceau Secre Swallowtail
45%
Membre de la Rose BleueMagie de la Terre Sol Marron
44%
Membre du Lion FlamboyantMembre de la Famille Royale Vermillion Magie du Feu Leopold Vermillion
43%
Esprit élémentaire du vent Sylph
42%
Vice-Capitaine de l'Aube d'OrMagie Spatiale Langris Vaude
41%
Esprit élémentaire du feu Salamander
40%
Membre du Taureau Noir Magie de la Cendre Zora Ideale
40%
Membre de la Mante d'Emeraude Sekke Bronzazza
39%
Ancienne Membre de l'Aigle d'ArgentMère des 3 précédents Paladin Magie de Mercure Acier Silva
38%
Capitaine des Cerfs TurquoiseMagie Picturale Rill Boismortier
38%
Elfe Apotre du Sephira Membre de l'œil Maléfique du Crépuscule Magie du Feu Fana
35%
Membre de l'Aigle d'ArgentMembre de la Famille Royale Silva Magie d'Eau Solid Silva
34%
Conseiller du précédentAncien membre du Cerf Cendré Marx François
33%
Membre de l'Aigle d'ArgentMembre de la Famille Royale Silva Magie d'Eau Nebra Silva
33%
Capitaine du Paon de CorailOriginaire de la Foret des Sorcières Magie des Songes Dorothy Unsworth
32%
Elfe Apotre du Sephira Membre de l'œil Maléfique du Crépuscule Magie Bestiale Vetto
32%
Elfe Apotre du SephiraChef de l'œil Maléfique du Crépuscule Magie de la Lumière Patolli
28%
Chef de la Triade SombreRoi usurpateur du Royaume de Spade Magie de la Gravité Frère des deux suivants Dante Zogratis
25%
Nonne de l'orphelinatPaladin Magie d'eau et d'espace Lily Aquaria
25%
Esprit élémentaire de l'eau Undine
23%
Membre de la Triade SombreMagie de l'Os Magie de l'espace Frère des deux précédents Zenon Zogratis
23%
Elfe Apotre du SephiraMembre de l'œil Maléfique du Crépuscule Magie de l'imitation Rhya
22%
Démonl'Hôte est le chef de la Triade Sombre
Magie de la Gravité
Lucifero
21%
Princesse du Royaume de HeartMagie d'Eau Magie d'Eau Démoniaque Lolopechka
20%
DémonFrère des 3 prochains Magie de l'Ame, l'Os, Sang, Temps et Gravité Lucius Zogratis
20%
1er Empereur-Mage du Royaume CloverMagie de la Lumière Lemiel Silvamillion Clover
19%
Capitaine de l'Orque Magenta Kaiser Granvorka
17%
Démonl'Hôte est membre de la Triade Sombre Magie des Tamismans Megicula
17%
Membre de l'œil Maléfique du Crépuscule Ancien membre de l'Orque Magenta Magie de la Nécromancie Rades Spirito
16%
Membre de la Triade SombreMagie du Sang Magie de Talismans Sœur du précédent et du suivant Vanica Zogratis
16%
Gardien Elementaire du Royaume de HeartMagie de la Foudre Gadjah
12%
Démonl'Hote est membre de la Triade Sombre Magie de l'espace Beelzebub
10%
Membre des Sept Ryuzen du Pays du LevantSœur du Capitaine du Taureau Noir Yojutsu (Magie) des ténèbres Yami Ichika
10%
Shogun du Pays du Levant Ryudo Ryuya
4%
Membre des Sept Ryuzen du Pays du LevantYojutsu (Magie) du Vent Hanegatsuji Jozo
2%
Membre des Sept Ryuzen du Pays du Levant Yojutsu (Magie) de la Neige Kezokaku Ginnojomorifuyu
2%
Membre des Sept Ryuzen du Pays du Levant Yojutsu (Magie) du Fer Mushogatake Yosuga
2%
Membre des Sept Ryuzen du Pays du LevantYojutsu (Magie) de la Terre Ooka Daizaemon
2%
Membre des Sept Ryuzen du Pays du Levant Yojutsu (Magie) de la Foudre Imari Komari
1%
Membre des Sept Ryuzen du Pays du Levant Yojutsu (Magie) du Son Tenmanyashiki Fujio
1%
Aucun quiz correspondant
Distribution des résultats
% des personnes avec chaque résultat
Percentile par nombre de réponses
Votre historique - résultats
Vous n’avez pas pris ce quiz